Výsledky harmonizácie Informačnej siete poľnohospodárskeho účtovníctva SR (FADN SR) s nariadeniemi Komisie EÚ v roku 2002
Povinnosť Slovenska vybudovať vlastnú Informačnú sieť poľnohospodárskeho účtovníctva (ISPÚ). Vymedzenie problematiky, metodický postup. doterajšie výsledky.
Gespeichert in:
| 1. Verfasser: | |
|---|---|
| Weitere Verfasser: | |
| Format: | Buchkapitel |
| Sprache: | Slowakisch |
| Schlagworte: | |
| Tags: |
Keine Tags, Fügen Sie das erste Tag hinzu!
|
MARC
| LEADER | 00000naa a2200000 4500 | ||
|---|---|---|---|
| 001 | r049376 | ||
| 005 | 20231004074657.7 | ||
| 041 | 0 | |a slo | |
| 044 | |a SK | ||
| 245 | 1 | 0 | |a Výsledky harmonizácie Informačnej siete poľnohospodárskeho účtovníctva SR (FADN SR) s nariadeniemi Komisie EÚ v roku 2002 |c Rudolf Haspra, Jana Šáškyová |
| 520 | |a Povinnosť Slovenska vybudovať vlastnú Informačnú sieť poľnohospodárskeho účtovníctva (ISPÚ). Vymedzenie problematiky, metodický postup. doterajšie výsledky. | ||
| 610 | 2 | 0 | |a účtovníctvo národné |
| 610 | 2 | 0 | |a účty národné |
| 610 | 2 | 0 | |a poľnohospodárstvo |
| 610 | 2 | 0 | |a informácie |
| 610 | 2 | 0 | |a Slovensko |
| 610 | 2 | 0 | |a Európska únia |
| 610 | 2 | 0 | |a 2002 |
| 100 | 1 | |a Haspra, Rudolf | |
| 700 | 1 | |a Šáškyová, Jana | |